French Months - Statistics

General Stats
  • This quiz has been taken 374 times
  • The average score is 11 of 12
Answer Stats
Hint Answer % Correct
April avril
98%
September septembre
98%
December décembre
97%
May mai
97%
November novembre
97%
October octobre
96%
January janvier
94%
March mars
92%
February février
91%
August août
88%
June juin
86%
July juillet
78%
No matching quizzes found
Score Distribution
Percent of People with Each Score
Percentile by Number Answered
Your Score History
You have not taken this quiz